Iris Lyrics Quiz - Statistics

General Stats
  • This quiz has been taken 74 times
  • The average score is 205 of 241
Answer Stats
Lyrics % Correct
I
100%
And
95%
the
95%
to
95%
you
95%
don't
93%
know
93%
me
93%
want
93%
When
93%
be
91%
am
89%
ever
89%
give
89%
I'd
89%
just
89%
up
89%
who
89%
'Cause
86%
see
86%
that
86%
touch
86%
world
86%
your
86%
feel
84%
forever
84%
You're
84%
you're
84%
closest
80%
everything
80%
Heaven
80%
is
80%
understand
80%
I'll
77%
they'd
77%
think
77%
all
73%
broken
73%
can
73%
right
73%
somehow
73%
now
70%
understand
70%
everything's
68%
go
68%
home
68%
miss
68%
tonight
68%
wanna
68%
moment
66%
this
66%
alive
64%
life
64%
taste
64%
it's
59%
made
59%
breathe
57%
like
55%
bleed
52%
can't
52%
feels
52%
in
52%
or
52%
Or
52%
movies
50%
tears
50%
fight
48%
sooner
48%
Yeah,
48%
later,
45%
over
45%
ain't
43%
coming
43%
of
41%
truth
41%
lies
36%
No matching quizzes found
Score Distribution
Percent of People with Each Score
Percentile by Number Answered
Your Score History
You have not taken this quiz